000 01425nam a2200217Ia 4500
999 _c25326
_d25326
003 OSt
005 20201005135623.0
008 160316s1998 xxu||||| |||| 00| 0 eng d
020 _a9780710305756
040 _cNLS
082 _a297.090000
_bCHO
100 _aChoudhury Masudul Alam
245 _aPerforming the Muslim World
260 _aLondon
_bKegan Paul International
_c1998
300 _a269p
_cxxviii
365 _b Rs. 650
505 _aTABLE OF CONTENTS: ACKNOWLEDGE; FOREWORD BY Professor John L. Esposito; INTRODUCTION; Nature of Study; Particular Comparisons; Summary of Chapters; The Audience of This Book; CHAPTER 1: THE EPISTEMOLOGICAL PREMISE OF REFORMATION; CHAPTER 2: THE SCIENTIFIC PREMISE OF REF'ORMATION; CHAPTER 3: THB SOCIO-SCIENTIFIC PREMISE OF REFORMATION: FROM MODERNITY TO POST-MODERNTTY; CHAPTER 4: THE POLITICAL ECONOMY OF REFORMATION; CHAPTER 5: THE INSTITUTIONAL BASIS OF REFORMATION: ORGANIZATIONAL THEORY OF THE FIRM; CHAPTER 6: REFORMING THE CAPITAL MARKET: ISLAMIC CONCEPT OF MONEY; CHAPTER 7: REFORMATION IN THE MIDST OF GLOBALIZATION; CHAPTER 8: MALAYSIA AND THE MUSLIM WORLD: THE TWENTY-FIRST CENTURY AND BEYOND; CHAPTER 9: INSTITUTIONAL REFORMATION: THE ORGANIZATION OF ISLAMIC CONFERENCES SYSTEM; CHAPTER 10: POLICY CONCLUSION: UMMATIC TRANSFORMATION; NOTES AND REFERENCBS; INDEX
650 _a1. Islam & Social Sciences 2. Islam Doctrines
700 _a
_a
942 _2ddc
_cBK